Loading...

Kusumathinte krithikal/

Bibliografiske detaljer
Hovedforfatter: Antony,P.P
Format: Printed Book
Sprog:Malayalam
Udgivet: Kottayam: D.C. Book House, 1989
LEADER 00417nam a2200121Ia 4500
008 111205s9999 xx 000 0 mal d
100 |a Antony,P.P. 
245 |a Kusumathinte krithikal/  |c Antony,P.P. 
260 |b D.C. Book House,  |a Kottayam:  |c 1989 
300 |a 328p. 
942 |c BK  |2 ddc 
999 |c 206845  |d 206845 
952 |0 0  |1 0  |4 0  |6 S_1R1  |7 0  |9 228748  |a MAL  |b MAL  |c SEC  |d 2011-12-05  |g 50.00  |l 0  |o S1R1  |p MAL21149  |r 2011-12-05  |v 50.00  |w 2018-08-20  |y BK